Methods and tools to screen and assess risks for intimate partner violence among women from culturally and linguistically diverse backgrounds in six high-income countries: a scoping review

Purpose: The purpose of this review is to collate literature on approaches to screening women from culturally and linguistically diverse (CaLD) backgrounds for experiences of intimate partner violence (IPV) and assessing risks, with a view to identifying examples of best practice and research gaps....

Ausführliche Beschreibung

Gespeichert in:  
Bibliographische Detailangaben
VerfasserInnen: Lock, Eliza (Verfasst von) ; Reeves, Karina (Verfasst von) ; Vujcich, Daniel (Verfasst von)
Medienart: Elektronisch Aufsatz
Sprache:Englisch
Veröffentlicht: 2025
In: Journal of family violence
Jahr: 2025, Band: 40, Heft: 5, Seiten: 921-934
Online-Zugang: Volltext (kostenfrei)
Volltext (kostenfrei)
Verfügbarkeit prüfen: HBZ Gateway
Schlagwörter:

MARC

LEADER 00000caa a22000002c 4500
001 1941296661
003 DE-627
005 20251120193733.0
007 cr uuu---uuuuu
008 251114s2025 xx |||||o 00| ||eng c
024 7 |a 10.1007/s10896-024-00682-3  |2 doi 
035 |a (DE-627)1941296661 
035 |a (DE-599)KXP1941296661 
040 |a DE-627  |b ger  |c DE-627  |e rda 
041 |a eng 
084 |a 2,1  |2 ssgn 
100 1 |a Lock, Eliza  |e VerfasserIn  |0 (orcid)0000-0002-2040-7516  |4 aut 
245 1 0 |a Methods and tools to screen and assess risks for intimate partner violence among women from culturally and linguistically diverse backgrounds in six high-income countries  |b a scoping review  |c Eliza Lock, Karina Reeves, Daniel Vujcich 
264 1 |c 2025 
300 |b Illustration 
336 |a Text  |b txt  |2 rdacontent 
337 |a Computermedien  |b c  |2 rdamedia 
338 |a Online-Ressource  |b cr  |2 rdacarrier 
500 |a Literaturverzeichnis: Seite 932-934 
520 |a Purpose: The purpose of this review is to collate literature on approaches to screening women from culturally and linguistically diverse (CaLD) backgrounds for experiences of intimate partner violence (IPV) and assessing risks, with a view to identifying examples of best practice and research gaps. Methods: A scoping review methodology was adopted. Medline (Ovid), Embase, CINALH and CENTRAL databases were searched, with supplementary searches for grey literature. Results were independently screened by two reviewers. Studies were included if they focused on women from CaLD backgrounds living in Australia, Canada, Ireland, New Zealand, United Kingdom or United States of America being screened/assessed in a health setting in relation to IPV. Data on study characteristics and key findings were extracted and critical appraisal of study quality was performed. Results: A total of n = 1,320 results were yielded. After deduplication, the titles and abstracts of n = 846 studies were screened. A total of n = 5 studies were included in the final analysis, and four screening or risk assessment tools/methods were assessed (Danger Assessment for Immigrant Women, Safe Start, Index of Spouse Abuse and Southern Asian Violence Screen). Conclusions: Given the documented barriers to migrant help-seeking, screening and risk assessment has an important role to play in ensuring that women from CaLD backgrounds are linked into appropriate IPV support services in a timely manner. However, there is very limited evidence to demonstrate that existing screening/risk assessment tools and strategies meet the specific needs of CaLD populations, and more attention needs to be given to intersectional experiences of violence. 
650 4 |a Immigrant 
650 4 |a Intimate Partner Violence 
650 4 |a Risk 
650 4 |a Screening 
650 4 |a Women 
700 1 |a Reeves, Karina  |e VerfasserIn  |4 aut 
700 1 |a Vujcich, Daniel  |e VerfasserIn  |4 aut 
773 0 8 |i Enthalten in  |t Journal of family violence  |d Getzville, NY : HeinOnline, 1986  |g 40(2025), 5, Seite 921-934  |h Online-Ressource  |w (DE-627)320574547  |w (DE-600)2016884-6  |w (DE-576)121465950  |x 1573-2851  |7 nnas 
773 1 8 |g volume:40  |g year:2025  |g number:5  |g pages:921-934 
856 |u https://link.springer.com/content/pdf/10.1007/s10896-024-00682-3.pdf  |x unpaywall  |z Vermutlich kostenfreier Zugang  |h publisher [open (via crossref license)] 
856 4 0 |u https://doi.org/10.1007/s10896-024-00682-3  |x Resolving-System  |z kostenfrei  |3 Volltext  |7 0 
856 4 0 |u https://link.springer.com/article/10.1007/s10896-024-00682-3  |x Verlag  |z kostenfrei  |3 Volltext  |7 0 
951 |a AR 
ELC |a 1 
LOK |0 000 xxxxxcx a22 zn 4500 
LOK |0 001 4806116122 
LOK |0 003 DE-627 
LOK |0 004 1941296661 
LOK |0 005 20251114125647 
LOK |0 008 251114||||||||||||||||ger||||||| 
LOK |0 040   |a DE-2619  |c DE-627  |d DE-2619 
LOK |0 092   |o n 
LOK |0 852   |a DE-2619 
LOK |0 852 1  |9 00 
LOK |0 935   |a krzo 
LOK |0 939   |a 14-11-25  |b l01 
OAS |a 1 
ORI |a SA-MARC-krimdoka001.raw